Fr. Conceicao Rodrigues College of Engineering

Linear Algebra (Record no. 36110)

MARC details
000 -LEADER
fixed length control field 00387nam a22001577a 4500
003 - CONTROL NUMBER IDENTIFIER
control field OSt
005 - DATE AND TIME OF LATEST TRANSACTION
control field 20241118143602.0
007 - PHYSICAL DESCRIPTION FIXED FIELD--GENERAL INFORMATION
fixed length control field 218 pages
008 - FIXED-LENGTH DATA ELEMENTS--GENERAL INFORMATION
fixed length control field 241118b |||||||| |||| 00| 0 eng d
020 ## - INTERNATIONAL STANDARD BOOK NUMBER
International Standard Book Number 9788129316287
040 ## - CATALOGING SOURCE
Transcribing agency
082 ## - DEWEY DECIMAL CLASSIFICATION NUMBER
Classification number 512/KUM
245 ## - TITLE STATEMENT
Title Linear Algebra
Statement of responsibility, etc. Kumaresan,S
260 ## - PUBLICATION, DISTRIBUTION, ETC.
Name of publisher, distributor, etc. PHI
Date of publication, distribution, etc. 2024
942 ## - ADDED ENTRY ELEMENTS (KOHA)
Source of classification or shelving scheme Dewey Decimal Classification
Koha item type BOOK
Classification part 512/KUM
Call number prefix 512/KUM
Suppress in OPAC No
Holdings
Withdrawn status Lost status Source of classification or shelving scheme Damaged status Not for loan Collection Home library Current library Date acquired Cost, normal purchase price Inventory number Total Checkouts Full call number Barcode Date last seen Price effective from Koha item type Date last checked out
    Dewey Decimal Classification     Mathematics Fr. Agnel's C.Rodrigues College of Engineering AGNEL TECHNICAL COLLEGE LIBRARY 18/11/2024 395.00 AO/24/10/632 dt 13.11.2024 2 512/KUM 26559 06/03/2026 18/11/2024 BOOK 20/02/2026
    Dewey Decimal Classification     Mathematics Fr. Agnel's C.Rodrigues College of Engineering Fr. Agnel's C.Rodrigues College of Engineering 18/11/2024 395.00 AO/24/10/632 dt 13.11.2024   512/KUM 26556 18/11/2024 18/11/2024 BOOK  
    Dewey Decimal Classification     Mathematics Fr. Agnel's C.Rodrigues College of Engineering Fr. Agnel's C.Rodrigues College of Engineering 18/11/2024 395.00 AO/24/10/632 dt 13.11.2024   512/KUM 26557 18/11/2024 18/11/2024 BOOK  
    Dewey Decimal Classification     Mathematics Fr. Agnel's C.Rodrigues College of Engineering Fr. Agnel's C.Rodrigues College of Engineering 18/11/2024 395.00 AO/24/10/632 dt 13.11.2024   512/KUM 26558 18/11/2024 18/11/2024 BOOK  
    Dewey Decimal Classification     Mathematics Fr. Agnel's C.Rodrigues College of Engineering Fr. Agnel's C.Rodrigues College of Engineering 18/11/2024 395.00 AO/24/10/632 dt 13.11.2024   512/KUM 26560 18/11/2024 18/11/2024 BOOK